| 000 | 02354njm a2200349 a 4500 | ||
|---|---|---|---|
| 003 | BLK | ||
| 005 | 20250330004134.0 | ||
| 007 | sd ammalaaahaa | ||
| 008 | 240822b bul||n|| |||||||| n|bulo| | ||
| 028 | _a826192 | ||
| 040 | _aBLK | ||
| 041 |
_aDEU _cDEU |
||
| 080 |
_aОпера. Музикална драма. Романтична опера. Опера-приказка _b782.1 _x(086.72) _z782.1(086.72) |
||
| 100 |
_aWagner, Richard _9386969 |
||
| 245 |
_aDie Meistersinger von Nurnberg (Ausschnitte) _cRichard Wagner ; Chor der Dresdener Staatsoper Rundfunkchor Leipzig ; Staatskapelle Dresden |
||
| 260 |
_aBerlin _bDeutsche Schallplatten _c1974 _9210744 |
||
| 300 |
_a1 грамофонна плоча _b33 об/мин, стерео _c30 см |
||
| 380 | _a7 | ||
| 490 |
_aEterna _9493861 |
||
| 500 | _aRichard Wagner - Die Meistersinger von Nürnberg ("Selig wie die Sonne" Quintett 3. Aufzug und Festwiese) (01) Die "selige Morgentraum-Deutweise" sei sie genannt / Selig, wie die Sonne meines Glückes lacht Quintett Sachs, Eva, Stolzing, David, Magdalene (02) Aufzug der Zünfte / Tanz der Lehrbuben / Aufzug Meistersinger / Wach auf, es nahet gen dem Tag / Euch macht ihr`s leicht Chor, David, Sachs, Pogner, Beckmesser, Kothner ---- (03) Morgen ich leuchte in rosigem Schein / Das Lied fürwahr ist nicht von mir / Verachtet mir die Meister nicht (Lied des Beckmesser, Preislied des Stolzing, Ansprache Hans Sachs, Finale) Beckmesser, Sachs, Chor, Stolzing, Pogner, Eva | ||
| 511 | _aChor der Dresdener Staatsoper Rundfunkchor Leipzig Einstudierung: Horst Neumann Staatskapelle Dresden Dirigent: Herbert von Karajan Theo Adam, Baßbariton (Hans Sachs) Karl Ridderbusch, Baß (Veit Pogner) Geraint Evans, Bariton (Beckmesser) Zoltan Kelemen, Baß (Fritz Kothner) René Kollo, Tenor (Stolzing) Peter Schreier, Tenor (David) Helen Donath, Sopran (Eva) Ruth Hesse, Mezzosopran (Magdalene) | ||
| 518 | _aAufgenommen November / Dezember 1970 | ||
| 650 | 0 |
_9353190 _aОпери, откъси |
|
| 700 | 1 |
_914636 _aKarajan, Herbert von |
|
| 710 |
_aChor der Staatsoper Dresden _9495138 |
||
| 710 |
_9494091 _aRundfunkchor Leipzig |
||
| 710 |
_9494213 _aStaatskapelle Dresden |
||
| 852 |
_aФ ІІ 4370 _bЦб |
||
| 856 |
_i0.00 _ldisable |
||
| 942 |
_cGPL _n0 |
||
| 944 |
_cКети Илиева _k _a30550 _lCRON CRON |
||
| 999 |
_c529816 _d529816 |
||